Catálogo - Centro de Recursos para el Aprendizaje y la Investigación

Volver al Sitio - CRAI Biblioteca

Prolegómenos del derecho del mar / (Registro nro. 113445)

Detalles MARC
000 -CABECERA
campo de control de longitud fija 00632nam a2200205Ia 4500
001 - NÚMERO DE CONTROL
campo de control 113445
003 - IDENTIFICADOR DEL NÚMERO DE CONTROL
campo de control DR-UNIBE
005 - FECHA Y HORA DE LA ÚLTIMA TRANSACCIÓN
campo de control 20250414142331.0
008 - DATOS DE LONGITUD FIJA--INFORMACIÓN GENERAL
campo de control de longitud fija 250414b2007 es ||||| |||| 00| 0 spa d
020 ## - NÚMERO INTERNACIONAL ESTÁNDAR DEL LIBRO
Número Internacional Estándar del Libro 9789992388518
040 ## - FUENTE DE LA CATALOGACIÓN
Centro/agencia transcriptor BIBLIOTECA UNIBE
Normas de descripción rda
082 ## - NÚMERO DE LA CLASIFICACIÓN DECIMAL DEWEY
Número de clasificación RD 348.5 L911p
100 ## - ENTRADA PRINCIPAL--NOMBRE DE PERSONA
Nombre de persona Lovo Castelar, José Luis
Término indicativo de función/relación autor
9 (RLIN) 194198
245 ## - MENCIÓN DE TÍTULO
Título Prolegómenos del derecho del mar /
Mención de responsabilidad, etc. José Luis Lovo Castelar
260 ## - PUBLICACIÓN, DISTRIBUCIÓN, ETC.
Lugar de publicación, distribución, etc. San Salvador :
Nombre del editor, distribuidor, etc. Corte Suprema de Justicia,
Fecha de publicación, distribución, etc. 2007
300 ## - DESCRIPCIÓN FÍSICA
Extensión 434 páginas
500 ## - NOTA GENERAL
Nota general ÀQuiero ser la persona que era ante...À
650 #7 - PUNTO DE ACCESO ADICIONAL DE MATERIA--TÉRMINO DE MATERIA
Fuente del encabezamiento o término lemb
Término de materia o nombre geográfico como elemento de entrada Derecho marítimo
942 ## - ELEMENTOS DE PUNTO DE ACCESO ADICIONAL (KOHA)
Fuente del sistema de clasificación o colocación Sistema de Clasificación Decimal Dewey
Tipo de ítem Koha Libro (general)
Existencias
Estado de retiro Estado de pérdida Fuente del sistema de clasificación o colocación No para préstamo Código de colección Localización permanente Ubicación/localización actual Fecha de adquisición Total de préstamos Signatura topográfica completa Código de barras Fecha visto por última vez Número de copia Precio válido a partir de Tipo de ítem Koha
  Disponible Sistema de Clasificación Decimal Dewey   General - Libros dominicanos Biblioteca Central UNIBE Biblioteca Central UNIBE 01/03/2025   RD 348.5 L911p 250190 14/04/2025 Ej. 1 14/04/2025 Libro (general)